| 000 | 01123nam a2200265 i 4500 | ||
|---|---|---|---|
| 001 | 16858 | ||
| 003 | ES-MaACL | ||
| 005 | 20240527195137.0 | ||
| 007 | t| | ||
| 008 | 001115s1983 sp ||||1| spa d | ||
| 020 | _a84-235-0630-4 | ||
| 080 | _a7(465.1)(083.8) | ||
| 245 | 0 | 0 |
_aCatálogo monumental de Navarra _b: . II** Merindad de Estella, Genevilla-Zúñiga / _cpor María Concepción García Gainza, directora ; María Carmen Heredia Moreno, Jesús Rivas Carmona, Mercedes Orbe Sivatte ; colaborador, Ricardo Fernández Gracia. |
| 260 |
_aPamplona : _bInstitución Príncipe de Viana, _c1983. |
||
| 300 |
_a1 v. (numeración var.) : _bfot. ; _c28 cm. |
||
| 650 | 1 | 4 |
_aArte- _zNavarra (Comunidad Autónoma)- _vCatálogos. _910119 |
| 700 | 1 |
_aGarcía Gainza, María Concepción. _954632 |
|
| 700 | 1 |
_aHeredia Moreno, María Carmen. _962698 |
|
| 700 | 1 |
_aRivas Carmona, Jesús. _997569 |
|
| 700 | 1 |
_aOrbe Sivatte, Mercedes. _987155 |
|
| 700 | 1 |
_aFernández Gracia, Ricardo. _949835 |
|
| 710 | 2 |
_aInstitución Príncipe de Viana _94730 |
|
| 852 |
_aES-MaACL _jG-2226 _bR.129253 |
||
| 999 |
_c16858 _d16858 |
||